National League Teams 2024/2025 - Statistics

General Stats
  • This quiz has been taken 223 times
  • The average score is 15 of 24
Answer Stats
Answer % Correct
Barnet
78%
Oldham Athletic
78%
York City
78%
Yeovil Town
77%
Forest Green Rovers
73%
Rochdale
71%
Sutton United
71%
Southend United
70%
Aldershot Town
69%
Hartlepool United
69%
Gateshead
68%
Altrincham
61%
Boston United
61%
Ebbsfleet United
61%
Woking
58%
Dagenham & Redbridge
57%
Eastleigh
57%
Solihull Moors
57%
Tamworth
57%
AFC Fylde
56%
Wealdstone
56%
Halifax Town
54%
Braintree Town
50%
Maidenhead United
34%
No matching quizzes found
Score Distribution
Percent of People with Each Score
Percentile by Number Answered
Your Score History
You have not taken this quiz